LEADER 01567nam2 2200421 450 001 000043659 005 20180614105646.0 010 $a2-07-010480-X 100 $a20171127d1987----km-y0itaa50------ba 101 0 $afre 102 $aFR 200 1 $aHamilton$a<> sage$aPrevost$ftextes établis, préfacés et annotés par Étiemble, nouvelle édition révisée et corrigée 210 $a[Parigi]$cGallimard$d1987 215 $a1619 p.$d18 cm 225 2 $aBibliothèque de la Pléiade 410 0$12001$aBibliothèque de la Pléiade 461 1$1001000043657$12001$aRomanciers du XVIII siècle 702 1$aÉtiemble,$bRené$f<1909-2002> 801 0$aIT$bUniversità della Basilicata - B.I.A.$gREICAT$2unimarc 912 $a000043659 996 $aHamilton$91532291 996 $aPrevost$91532293 996 $aSage$91532292 997 $aUNIBAS BAS $aLETTERE CAT $aMDL$b30$c20171127$lBAS01$h1025 CAT $aMDL$b30$c20171127$lBAS01$h1028 CAT $aMDL$b30$c20171127$lBAS01$h1030 CAT $aMDL$b30$c20171127$lBAS01$h1030 CAT $aMDL$b30$c20171127$lBAS01$h1058 CAT $aMDL$b30$c20171127$lBAS01$h1059 CAT $aMDL$b30$c20171127$lBAS01$h1243 CAT $aMDL$b30$c20171127$lBAS01$h1243 CAT $aMDL$b30$c20180307$lBAS01$h1047 CAT $aATR$b20$c20180614$lBAS01$h1056 CAT $aBATCH-UPD$b20$c20180614$lBAS01$h1059 FMT Z30 -1$lBAS01$LBAS01$mBOOK$1BASA1$APolo Storico-Umanistico$2GEN$BCollezione generale$3FP/56354$656354$5L56354$820171127$f02$FPrestabile Generale$hVol. 1 LEADER 03130nam 2200733 a 450 001 9910789640503321 005 20200520144314.0 010 $a1-283-40020-0 010 $a9786613400208 010 $a3-11-025289-9 024 7 $a10.1515/9783110252897 035 $a(CKB)2670000000113733 035 $a(EBL)765909 035 $a(OCoLC)748242233 035 $a(SSID)ssj0000537656 035 $a(PQKBManifestationID)12251900 035 $a(PQKBTitleCode)TC0000537656 035 $a(PQKBWorkID)10553501 035 $a(PQKB)11108969 035 $a(MiAaPQ)EBC765909 035 $a(DE-B1597)123362 035 $a(OCoLC)746605444 035 $a(OCoLC)763160644 035 $a(DE-B1597)9783110252897 035 $a(Au-PeEL)EBL765909 035 $a(CaPaEBR)ebr10502332 035 $a(CaONFJC)MIL340020 035 $a(PPN)175220069 035 $a(EXLCZ)992670000000113733 100 $a20101207d2011 uy 0 101 0 $aeng 135 $aur|n|---||||| 181 $ctxt 182 $cc 183 $acr 200 00$aHow should one live?$b[electronic resource] $ecomparing ethics in ancient China and Greco-Roman antiquity /$fedited by R.A.H. King and Dennis Schilling 210 $aBerlin ;$aBoston $cde Gruyter$dc2011 215 $a1 online resource (352 p.) 300 $a"The papers published here were among those discussed in the Mu?nchner Kompetenzzentrum Ethik, Philosophy Department, Ludwig Maximilians University, Munich and the Carl Friedrich von Siemens Stiftung Munich on October 1st-3rd, 2007"--Acknowledgements. 311 $a3-11-025287-2 311 $a3-11-219168-4 320 $aIncludes bibliographical references and indexes. 327 $apt. 1. Methods -- pt. 2. Ethical history -- pt. 3. China -- pt. 4. Greece and Rome -- pt. 5. Comparisons. 330 $aChinese and Greco-Roman ethics present highly articulate views on how one should live; both of these traditions remain influential in modern philosophy. The question arises how these traditions can be compared with one another. Comparative ethics is a relatively young discipline, and this volume is a major contribution to the field. Fundamental questions about the nature of comparing ethics are treated in two introductory chapters, followed by chapters on core issues in each of the traditions : harmony, virtue, friendship, knowledge, the relation of ethics to morality, relativism. The volume closes with a number of comparative studies on emotions, being and unity, simplicity and complexity, and prediction. 606 $aEthics, Comparative 606 $aEthics, Ancient 606 $aEthics$zChina 606 $aEthics$zGreece 606 $aEthics$zRome 615 0$aEthics, Comparative. 615 0$aEthics, Ancient. 615 0$aEthics 615 0$aEthics 615 0$aEthics 676 $a170.931 701 $aKing$b R. A. H$0108858 701 $aSchilling$b Dennis R$01503522 801 0$bMiAaPQ 801 1$bMiAaPQ 801 2$bMiAaPQ 906 $aBOOK 912 $a9910789640503321 996 $aHow should one live$93731989 997 $aUNINA